| 000 | 01088nam a2200301 4500 | ||
|---|---|---|---|
| 003 | EC-UNACH | ||
| 005 | 20251216105831.0 | ||
| 006 | s||||gr|||| 00| 00 | ||
| 008 | 150116t9999 mx r gr 000 0 spa d | ||
| 020 | _a978-9942-22-023-3 | ||
| 040 |
_aEC-UNACH _cEC-UNACH |
||
| 041 | _aspa | ||
| 082 | 0 | 4 |
_223 _a348.02 _bL018507 |
| 110 | _aCorte Nacional de Justicia | ||
| 245 | _aPrincipales cuestiones acerca del Código Orgánico General de Procesos en preguntas y respuestas | ||
| 250 | _aPrimera edición | ||
| 264 |
_aEcuador _bCorte Nacional de Justicia _c2015 |
||
| 300 | _a396 | ||
| 505 | _aI. Conceptos fundamentales -- II. De la jurisdicción y la competencia -- III. Acerca del Proceso -- IV El derecho a recurrir y la impugnación -- V. De la ejecución -- VI. De los procedimientos | ||
| 650 | _aDERECHO PROCESAL | ||
| 650 | _aADMINISTRACIÓN DE JUSTICIA | ||
| 650 | _aSUJETOS PROCESALES | ||
| 700 | _aCarlos Ramírez Romero | ||
| 942 |
_2ddc _c1 |
||
| 999 | _c14304 | ||